[Event "Newcastle Northumbria Masters"]
[Site "Newcastle on Tyne"]
[Date "2022.08.30"]
[Round "8"]
[White "Martyn, Rafe"]
[Black "Verma, Shlok"]
[Result "1-0"]
[WhiteElo "2209"]
[BlackElo "1864"]
[PlyCount "43"]
[EventDate "2022.08.26"]
[EventType "swiss"]
[EventRounds "9"]
[EventCountry "ENG"]
[SourceTitle "CBM 210 Extra"]
[Source "ChessBase"]
[SourceDate "2022.11.30"]
[SourceVersion "1"]
[SourceVersionDate "2022.11.30"]
[SourceQuality "1"]

1. e4 e6 2. d4 d5 3. exd5 exd5 4. Nf3 Nf6 5. Bd3 Bd6 6. 0-0 0-0 7. h3 h6 8. Nc3 c6 9. Re1 Nbd7 10. Ne5 Qc7 11. Bf4 b6 12. Qf3 Rd8 13. Re3 a5 14. Rae1 Ba6 15. Bxa6 Rxa6 16. h4 b5 17. Ne2 c5 18. c3 Ne4 19. Nxf7 Bxf4 20. Nxf4 Rf8 21. Nxd5 Qb7 22. Ne7+ 1-0

[Event "Newcastle Northumbria Masters"]
[Site "Newcastle on Tyne"]
[Date "2022.08.28"]
[Round "4"]
[White "Martyn, Rafe"]
[Black "Villiers, Thomas"]
[Result "1-0"]
[WhiteElo "2209"]
[BlackElo "2170"]
[PlyCount "93"]
[EventDate "2022.08.26"]
[EventType "swiss"]
[EventRounds "9"]
[EventCountry "ENG"]
[SourceTitle "CBM 210 Extra"]
[Source "ChessBase"]
[SourceDate "2022.11.30"]
[SourceVersion "1"]
[SourceVersionDate "2022.11.30"]
[SourceQuality "1"]

1. e4 c5 2. Nf3 d6 3. Bb5+ Bd7 4. Bxd7+ Qxd7 5. 0-0 Nc6 6. c3 Nf6 7. d4 cxd4 8. cxd4 d5 9. e5 Ng8 10. Nc3 e6 11. Ne2 Nge7 12. Ng3 Ng6 13. Nh5 0-0-0 14. Be3 Rg8 15. Ne1 Be7 16. Nd3 f6 17. f4 Nh4 18. Rc1 Kb8 19. Nc5 Bxc5 20. Rxc5 Nf5 21. Bf2 fxe5 22. fxe5 Rc8 23. Qd2 b6 24. Rcc1 Na5 25. Rxc8+ Rxc8 26. b3 Rc7 27. g4 Nh6 28. h3 Qc8 29. Qg5 Nf7 30. Qxg7 Nd6 31. Qh6 Ne4 32. Nf4 Rc1 33. Nxe6 Rxf1+ 34. Kxf1 Nc6 35. Qf8 Qxf8 36. Nxf8 Nb4 37. Nxh7 Nxa2 38. g5 Nb4 39. g6 Nc6 40. g7 Ne7 41. Nf6 a5 42. Nxe4 dxe4 43. d5 b5 44. e6 a4 45. bxa4 bxa4 46. d6 Ng8 47. e7 1-0

[Event "Newcastle Northumbria Masters"]
[Site "Newcastle on Tyne"]
[Date "2022.08.26"]
[Round "1"]
[White "Turner, Lewis A"]
[Black "Martyn, Rafe"]
[Result "0-1"]
[WhiteElo "1891"]
[BlackElo "2209"]
[PlyCount "80"]
[EventDate "2022.08.26"]
[EventType "swiss"]
[EventRounds "9"]
[EventCountry "ENG"]
[SourceTitle "CBM 210 Extra"]
[Source "ChessBase"]
[SourceDate "2022.11.30"]
[SourceVersion "1"]
[SourceVersionDate "2022.11.30"]
[SourceQuality "1"]

1. e4 e5 2. Nf3 Nc6 3. Bc4 Nf6 4. d4 exd4 5. e5 Ng4 6. 0-0 d6 7. Bg5 Be7 8. Bxe7 Qxe7 9. exd6 Qxd6 10. Re1+ Kf8 11. h3 Nf6 12. Na3 Bf5 13. Nb5 Qc5 14. b3 Rd8 15. a4 a6 16. Na3 h6 17. Qd2 g5 18. b4 Qxb4 19. Qxb4+ Nxb4 20. Rab1 a5 21. Re5 Bc8 22. Rxa5 Nc6 23. Rab5 b6 24. Rd1 Kg7 25. Ne5 Nxe5 26. Rxe5 Rhe8 27. Rxe8 Nxe8 28. Nb5 c5 29. c3 Nd6 30. Be2 Nxb5 31. axb5 Bf5 32. cxd4 Rxd4 33. Ra1 Bd3 34. Bxd3 Rxd3 35. Ra6 Rd6 36. Ra4 Kf6 37. Kf1 Ke5 38. Ke2 Kd5 39. Kd3 Rf6 40. f3 Rf4 0-1

[Event "Harrow Poobalasingam op 1st"]
[Site "Harrow"]
[Date "2018.09.09"]
[Round "5"]
[White "Bates, Richard"]
[Black "Martyn, Rafe"]
[Result "1-0"]
[WhiteElo "2374"]
[BlackElo "2242"]
[PlyCount "89"]
[EventDate "2018.09.09"]
[EventType "swiss (rapid)"]
[EventRounds "6"]
[EventCountry "ENG"]
[SourceTitle "CBM 186 Extra"]
[Source "ChessBase"]
[SourceDate "2018.08.24"]
[SourceVersion "1"]
[SourceVersionDate "2018.08.24"]
[SourceQuality "1"]

1. d4 d5 2. c4 dxc4 3. e3 Nf6 4. Bxc4 e6 5. Nf3 c5 6. 0-0 a6 7. Bb3 b5 8. a4 b4 9. e4 cxd4 10. e5 Nfd7 11. Qxd4 Nc6 12. Qf4 Qc7 13. Re1 Bb7 14. Nbd2 Nc5 15. Bc2 Rd8 16. Nc4 b3 17. Bb1 Nd3 18. Bxd3 Rxd3 19. Be3 Nb4 20. Nd6+ Rxd6 21. exd6 Bxd6 22. Qg4 Bxf3 23. Qxf3 0-0 24. Rac1 Nc2 25. Red1 Bxh2+ 26. Kh1 Be5 27. Rd3 Qc4 28. Bg5 h6 29. Be7 Re8 30. Bd8 Qxa4 31. Rcd1 Bxb2 32. Rd7 Rf8 33. Be7 Ne1 34. Qe2 Re8 35. Qxb2 Rxe7 36. Rd8+ Kh7 37. Rxe1 Rb7 38. Red1 a5 39. Qb1+ g6 40. Qb2 Qh4+ 41. Kg1 f6 42. R1d7+ Rxd7 43. Rxd7+ Kg8 44. Qxb3 Qf4 45. Qxe6+ 1-0

[Event "London Classic op"]
[Site "London"]
[Date "2011.12.10"]
[Round "8"]
[White "Ansell, Simon"]
[Black "Martyn, Rafe"]
[Result "0-1"]
[WhiteElo "2389"]
[BlackElo "2249"]
[PlyCount "44"]
[EventDate "2011.12.03"]
[EventType "swiss"]
[EventRounds "9"]
[EventCountry "ENG"]
[SourceTitle "CBM 145 Extra"]
[Source "ChessBase"]
[SourceDate "2012.01.03"]
[SourceVersion "1"]
[SourceVersionDate "2012.01.03"]
[SourceQuality "1"]

1. e4 d5 2. exd5 Qxd5 3. Nc3 Qa5 4. d4 Nf6 5. Bd2 c6 6. Bd3 Qb6 7. Nge2 g6 8. 0-0 Bg7 9. h3 0-0 10. Re1 Nbd7 11. Be3 Qxb2 12. Rb1 Qa3 13. Rb3 Qa5 14. Qc1 e5 15. Ra3 Qc7 16. Bc4 b5 17. Bxb5 cxb5 18. Nxb5 Qc4 19. Nxa7 Bb7 20. dxe5 Nxe5 21. Qb2 Qc7 22. Nb5 Qc6 0-1

[Event "London Classic op"]
[Site "London"]
[Date "2011.12.08"]
[Round "6"]
[White "Karthikeyan, Murali"]
[Black "Martyn, Rafe"]
[Result "1/2-1/2"]
[WhiteElo "2154"]
[BlackElo "2249"]
[PlyCount "98"]
[EventDate "2011.12.03"]
[EventType "swiss"]
[EventRounds "9"]
[EventCountry "ENG"]
[SourceTitle "CBM 145 Extra"]
[Source "ChessBase"]
[SourceDate "2012.01.03"]
[SourceVersion "1"]
[SourceVersionDate "2012.01.03"]
[SourceQuality "1"]

1. e4 d5 2. exd5 Qxd5 3. Nc3 Qa5 4. d4 Nf6 5. Nf3 c6 6. Bc4 Bf5 7. Bd2 e6 8. 0-0 Nbd7 9. Qe2 Bb4 10. Bb3 0-0 11. Ne5 Nxe5 12. dxe5 Nd5 13. Nxd5 cxd5 14. Bxb4 Qxb4 15. c3 Qc5 16. Rad1 b5 17. h4 a5 18. g4 Be4 19. Rd4 h6 20. Qe3 Rfc8 21. a3 Qe7 22. f3 Bh7 23. g5 h5 24. f4 Bf5 25. Bd1 g6 26. Bb3 Rab8 27. Qd2 Kg7 28. Re1 Qa7 29. Ra1 Rc6 30. Qf2 Qc7 31. Rdd1 b4 32. cxb4 axb4 33. a4 Bc2 34. Bxc2 Rxc2 35. Rd2 Rc1+ 36. Rd1 Rxd1+ 37. Rxd1 b3 38. Ra1 Qc4 39. a5 Rb4 40. a6 Ra4 41. Rxa4 Qxa4 42. a7 d4 43. a8Q Qxa8 44. Qxd4 Qf3 45. Qf2 Qh3 46. Qh2 Qd3 47. Qf2 Qh3 48. Qh2 Qe3+ 49. Qf2 Qh3 1/2-1/2

[Event "London Classic op"]
[Site "London"]
[Date "2011.12.07"]
[Round "5"]
[White "Martyn, Rafe"]
[Black "Mareckova, Martina"]
[Result "1-0"]
[WhiteElo "2249"]
[BlackElo "2123"]
[PlyCount "81"]
[EventDate "2011.12.03"]
[EventType "swiss"]
[EventRounds "9"]
[EventCountry "ENG"]
[SourceTitle "CBM 145 Extra"]
[Source "ChessBase"]
[SourceDate "2012.01.03"]
[SourceVersion "1"]
[SourceVersionDate "2012.01.03"]
[SourceQuality "1"]

1. d4 Nf6 2. c4 g6 3. Nf3 Bg7 4. g3 0-0 5. Bg2 d6 6. 0-0 c6 7. Nc3 Bg4 8. Qb3 Qc7 9. e4 e5 10. Be3 Bxf3 11. Bxf3 Nbd7 12. Rad1 Rad8 13. h3 Rfe8 14. Rd2 exd4 15. Bxd4 Nc5 16. Qc2 Nfd7 17. Bxg7 Kxg7 18. Bg2 Ne5 19. b3 f6 20. Nd1 Re7 21. Ne3 Nf7 22. b4 Na6 23. a3 Ree8 24. Qc3 Qe7 25. f4 Nc7 26. Ng4 h5 27. Nf2 Na8 28. g4 hxg4 29. hxg4 Nb6 30. g5 Nd7 31. Ng4 Rf8 32. Rfd1 Rh8 33. c5 Qe6 34. Nf2 Rh4 35. Rxd6 Nxd6 36. Rxd6 Qf7 37. gxf6+ Kh7 38. e5 Rxf4 39. e6 Qxf6 40. Qxf6 Rxf6 41. Ne4 1-0

[Event "BCF-chT2a 1112 (4NCL)"]
[Site "England"]
[Date "2011.11.12"]
[Round "1.1"]
[White "Martyn, Rafe"]
[Black "McMichael, Richard"]
[Result "0-1"]
[WhiteElo "2249"]
[BlackElo "2266"]
[PlyCount "80"]
[EventDate "2011.11.12"]
[EventType "team-tourn"]
[EventRounds "7"]
[EventCountry "ENG"]
[SourceTitle "EXT 2013"]
[Source "ChessBase"]
[SourceDate "2012.11.22"]
[SourceVersion "1"]
[SourceVersionDate "2012.11.22"]
[SourceQuality "1"]
[WhiteTeam "Barbican Youth"]
[BlackTeam "Kings Head"]
[WhiteTeamCountry "ENG"]
[BlackTeamCountry "ENG"]

1. d4 e6 2. c4 f5 3. g3 Nf6 4. Bg2 c6 5. Qc2 d5 6. Nh3 Bd6 7. 0-0 0-0 8. Bf4 Be7 9. Nd2 Nh5 10. Nf3 Nxf4 11. Nxf4 Bd6 12. Nd3 Nd7 13. b4 Nf6 14. Nfe5 Qe7 15. Qb3 Bd7 16. b5 Ne4 17. bxc6 Bxc6 18. Rfd1 Rab8 19. Rab1 dxc4 20. Nxc4 Bd5 21. Bxe4 fxe4 22. Nb4 e3 23. Nxd5 exf2+ 24. Kg2 exd5 25. Nxd6 Qxd6 26. e4 Kh8 27. Qxd5 Qf6 28. e5 Qf5 29. Rf1 Rbd8 30. Qxb7 Rxd4 31. Rb2 Qxe5 32. Rbxf2 Rxf2+ 33. Rxf2 Rd8 34. Qxa7 Qe4+ 35. Kg1 h6 36. a4 Rd1+ 37. Rf1 Rd2 38. Qb8+ Kh7 39. Qb1 Rg2+ 40. Kh1 Rc2+ 0-1

[Event "Dublin City"]
[Site "Dublin"]
[Date "2011.08.30"]
[Round "9"]
[White "Brady, Stephen"]
[Black "Martyn, Rafe"]
[Result "1/2-1/2"]
[WhiteElo "2357"]
[BlackElo "2264"]
[PlyCount "91"]
[EventDate "2011.08.26"]
[EventType "tourn"]
[EventRounds "9"]
[EventCountry "IRL"]
[EventCategory "2"]
[SourceTitle "CBM 144 Extra"]
[Source "ChessBase"]
[SourceDate "2011.10.28"]
[SourceVersion "1"]
[SourceVersionDate "2011.10.28"]
[SourceQuality "1"]

1. e4 c6 2. d4 d5 3. exd5 cxd5 4. c4 Nf6 5. Nc3 Nc6 6. Nf3 Bg4 7. cxd5 Nxd5 8. Qb3 Bxf3 9. gxf3 Nb6 10. Be3 e6 11. 0-0-0 Be7 12. d5 exd5 13. Nxd5 Nxd5 14. Rxd5 Qc7 15. Kb1 0-0 16. f4 Nb4 17. Rd1 Qc6 18. Rg1 Qe4+ 19. Bd3 Nxd3 20. Qxd3 Qxd3+ 21. Rxd3 Rfd8 22. Rxd8+ Bxd8 23. Rd1 Bc7 24. Rd7 Rc8 25. h3 a6 26. a4 g6 27. f5 gxf5 28. Bh6 f4 29. f3 b6 30. Ka2 Be5 31. Kb3 f6 32. h4 b5 33. axb5 axb5 34. h5 Ra8 35. Rg7+ Kh8 36. Rg2 Rg8 37. Rd2 Rb8 38. Kb4 Kg8 39. b3 Kf7 40. Re2 Rd8 41. Re4 Ke6 42. Bxf4 Kf5 43. Bxe5 fxe5 44. Kc3 Rd1 45. Rg4 Rh1 46. Kb4 1/2-1/2

[Event "Dublin City"]
[Site "Dublin"]
[Date "2011.08.29"]
[Round "7"]
[White "Tate, Alan"]
[Black "Martyn, Rafe"]
[Result "1/2-1/2"]
[WhiteElo "2342"]
[BlackElo "2264"]
[PlyCount "53"]
[EventDate "2011.08.26"]
[EventType "tourn"]
[EventRounds "9"]
[EventCountry "IRL"]
[EventCategory "2"]
[SourceTitle "CBM 144 Extra"]
[Source "ChessBase"]
[SourceDate "2011.10.28"]
[SourceVersion "1"]
[SourceVersionDate "2011.10.28"]
[SourceQuality "1"]

1. e4 d5 2. exd5 Qxd5 3. Nc3 Qa5 4. d4 Nf6 5. Nf3 c6 6. Bc4 Bf5 7. Bd2 e6 8. Nh4 Bg6 9. Nxg6 hxg6 10. Qe2 Qb6 11. 0-0-0 Nbd7 12. d5 cxd5 13. Bxd5 Nxd5 14. Nxd5 Qc6 15. Bg5 Nb6 16. Nxb6 Qxb6 17. Qd2 Qc7 18. Qd4 Rh5 19. h4 Rc8 20. Rd2 Be7 21. Bxe7 Rd5 22. Qa4+ Kxe7 23. Rxd5 exd5 24. Rd1 Qc4 25. Qa3+ Rc5 26. Qe3+ Kf8 27. c3 1/2-1/2

[Event "Dublin City"]
[Site "Dublin"]
[Date "2011.08.28"]
[Round "6"]
[White "Martyn, Rafe"]
[Black "Fitzsimons, David"]
[Result "1/2-1/2"]
[WhiteElo "2264"]
[BlackElo "2251"]
[PlyCount "98"]
[EventDate "2011.08.26"]
[EventType "tourn"]
[EventRounds "9"]
[EventCountry "IRL"]
[EventCategory "2"]
[SourceTitle "CBM 144 Extra"]
[Source "ChessBase"]
[SourceDate "2011.10.28"]
[SourceVersion "1"]
[SourceVersionDate "2011.10.28"]
[SourceQuality "1"]

1. d4 Nf6 2. c4 e6 3. g3 d5 4. Nf3 dxc4 5. Bg2 Bb4+ 6. Bd2 a5 7. 0-0 0-0 8. Bg5 Nc6 9. e3 h6 10. Bxf6 Qxf6 11. a3 Bd6 12. Nfd2 e5 13. d5 Ne7 14. Nxc4 b5 15. Nxd6 cxd6 16. Nc3 Ba6 17. b4 a4 18. Qd2 Rab8 19. Rfc1 Bc8 20. Bf1 Bd7 21. Bd3 Qf3 22. Be2 Qf5 23. Bd3 Qf3 24. Qe2 Qxe2 25. Bxe2 f5 26. f4 e4 27. Kf2 Rfc8 28. g4 Rb7 29. Ke1 fxg4 30. Kd2 Rb6 31. Bf1 Re8 32. Bg2 Bf5 33. Re1 Ng6 34. Bf1 Bd7 35. Bg2 Bf5 36. Ne2 Nh4 37. Bh1 Nf3+ 38. Bxf3 gxf3 39. Ng3 Bg6 40. Red1 Rbb8 41. Rac1 Rbc8 42. Ke1 Rxc1 43. Rxc1 Bf7 44. Nf5 Rd8 45. Rc7 Kf8 46. Nd4 Rb8 47. Nf5 Rd8 48. Nd4 Rb8 49. Nf5 Rd8 1/2-1/2

[Event "Dublin City"]
[Site "Dublin"]
[Date "2011.08.27"]
[Round "4"]
[White "Martyn, Rafe"]
[Black "Collins, Sam E"]
[Result "1/2-1/2"]
[WhiteElo "2264"]
[BlackElo "2436"]
[PlyCount "50"]
[EventDate "2011.08.26"]
[EventType "tourn"]
[EventRounds "9"]
[EventCountry "IRL"]
[EventCategory "2"]
[SourceTitle "CBM 144 Extra"]
[Source "ChessBase"]
[SourceDate "2011.10.28"]
[SourceVersion "1"]
[SourceVersionDate "2011.10.28"]
[SourceQuality "1"]

1. d4 d5 2. c4 c6 3. Nc3 Nf6 4. e3 a6 5. Qc2 e6 6. Nf3 c5 7. dxc5 Bxc5 8. a3 dxc4 9. Bxc4 Nbd7 10. b4 Ba7 11. Bb2 b5 12. Be2 Bb7 13. a4 bxa4 14. Rxa4 Bb8 15. 0-0 0-0 16. Rc1 Qb6 17. b5 Rc8 18. bxa6 Bxa6 19. Bxa6 Rxa6 20. Rxa6 Qxa6 21. Qa4 Qb6 22. Nb5 Rxc1+ 23. Bxc1 Qc6 24. Bb2 h6 25. Qb3 Qd5 1/2-1/2

[Event "BCF-chT1d 1011 (4NCL) Demotion pool"]
[Site "England"]
[Date "2011.03.27"]
[Round "8.16"]
[White "Anderton, David William"]
[Black "Martyn, Rafe"]
[Result "1/2-1/2"]
[WhiteElo "2208"]
[BlackElo "2292"]
[PlyCount "41"]
[EventDate "2010.11.06"]
[EventType "team-tourn"]
[EventRounds "4"]
[EventCountry "ENG"]
[SourceTitle "EXT 2012"]
[Source "ChessBase"]
[SourceDate "2011.11.24"]
[SourceVersion "1"]
[SourceVersionDate "2011.11.24"]
[SourceQuality "1"]
[WhiteTeam "The ADS"]
[BlackTeam "Barbican II"]
[WhiteTeamCountry "ENG"]
[BlackTeamCountry "ENG"]

1. d4 Nf6 2. c4 e6 3. Nc3 Bb4 4. Qc2 0-0 5. a3 Bxc3+ 6. Qxc3 Ne4 7. Qc2 f5 8. e3 b6 9. Ne2 d6 10. f3 Nf6 11. Nc3 e5 12. dxe5 dxe5 13. Be2 Nc6 14. 0-0 Be6 15. Rd1 Qe8 16. Nd5 Rc8 17. b3 Ne7 18. Nxe7+ Qxe7 19. Bb2 Bd7 20. Qc3 Rfe8 21. b4 1/2-1/2

[Event "4NCL-chT rapid"]
[Site "Newport Pagnell"]
[Date "2010.10.09"]
[Round "5"]
[White "Martyn, Rafe"]
[Black "Cooper, Lawrence"]
[Result "0-1"]
[WhiteElo "2292"]
[BlackElo "2316"]
[PlyCount "53"]
[EventDate "2010.10.09"]
[EventType "team (rapid)"]
[EventRounds "9"]
[EventCountry "ENG"]
[SourceTitle "CBM 138 Extra"]
[Source "ChessBase"]
[SourceDate "2010.10.29"]
[SourceVersion "1"]
[SourceVersionDate "2010.10.29"]
[SourceQuality "1"]

1. d4 Nf6 2. c4 e6 3. g3 d5 4. Bg2 Be7 5. Nf3 0-0 6. 0-0 dxc4 7. Qc2 a6 8. Qxc4 b5 9. Qc2 Bb7 10. Bd2 Nbd7 11. Ba5 Bd6 12. Nbd2 Rc8 13. Rad1 Qe7 14. e4 e5 15. dxe5 Nxe5 16. Nd4 g6 17. f4 Neg4 18. Rde1 c5 19. N4f3 c4 20. e5 Bc5+ 21. Kh1 Nd5 22. Ne4 Nde3 23. Qb1 Nxf1 24. Rxf1 Ne3 25. Re1 Nxg2 26. Kxg2 Kh8 27. g4 0-1

[Event "WMSG Rapid Team 1st"]
[Site "Beijing"]
[Date "2008.10.16"]
[Round "7"]
[White "Martyn, Rafe"]
[Black "Goh, Wei Ming Kevin"]
[Result "0-1"]
[WhiteElo "2293"]
[BlackElo "2420"]
[PlyCount "48"]
[EventDate "2008.10.14"]
[EventType "team-tourn (rapid)"]
[EventRounds "9"]
[EventCountry "CHN"]
[SourceTitle "CBM 126 Extra"]
[Source "ChessBase"]
[SourceDate "2008.11.05"]
[SourceVersion "1"]
[SourceVersionDate "2008.11.05"]
[SourceQuality "1"]

1. d4 e6 2. c4 Nf6 3. g3 d5 4. Bg2 Nc6 5. Nf3 dxc4 6. Qa4 Bb4+ 7. Bd2 Nd5 8. Bxb4 Ndxb4 9. Ne5 0-0 10. Nxc6 Nxc6 11. Bxc6 bxc6 12. Qxc4 Rb8 13. b3 Qd6 14. Nc3 Rb4 15. Qc5 Rxd4 16. Qxa7 e5 17. 0-0 Bh3 18. Rfc1 Rd8 19. f3 Bf5 20. Nd1 Qh6 21. Qc5 Qd2 22. Qxe5 Qe1+ 23. Kg2 Bh3+ 24. Kxh3 Qf1# 0-1

[Event "WMSG Rapid Team 1st"]
[Site "Beijing"]
[Date "2008.10.16"]
[Round "8"]
[White "Mrva, Martin"]
[Black "Martyn, Rafe"]
[Result "1-0"]
[WhiteElo "2467"]
[BlackElo "2293"]
[PlyCount "57"]
[EventDate "2008.10.14"]
[EventType "team-tourn (rapid)"]
[EventRounds "9"]
[EventCountry "CHN"]
[SourceTitle "CBM 126 Extra"]
[Source "ChessBase"]
[SourceDate "2008.11.05"]
[SourceVersion "1"]
[SourceVersionDate "2008.11.05"]
[SourceQuality "1"]

1. Nf3 Nf6 2. c4 e6 3. Nc3 Bb4 4. Qb3 c5 5. a3 Ba5 6. g3 Nc6 7. Bg2 d5 8. 0-0 0-0 9. d3 h6 10. Na4 Qe7 11. Qc2 d4 12. e4 e5 13. Nh4 Bc7 14. Bd2 Bd6 15. b4 b6 16. b5 Nb8 17. f4 Ng4 18. Nf5 Qc7 19. Qd1 Nf6 20. Nxd6 Qxd6 21. fxe5 Qxe5 22. Bf4 Qe7 23. e5 Bb7 24. exf6 gxf6 25. Bxh6 f5 26. Bxb7 Qxb7 27. Qh5 f6 28. Qg6+ Kh8 29. Bxf8 1-0

[Event "WMSG Rapid Team 1st"]
[Site "Beijing"]
[Date "2008.10.15"]
[Round "6"]
[White "Laouini, Sami"]
[Black "Martyn, Rafe"]
[Result "0-1"]
[WhiteElo "2209"]
[BlackElo "2293"]
[PlyCount "56"]
[EventDate "2008.10.14"]
[EventType "team-tourn (rapid)"]
[EventRounds "9"]
[EventCountry "CHN"]
[SourceTitle "CBM 126 Extra"]
[Source "ChessBase"]
[SourceDate "2008.11.05"]
[SourceVersion "1"]
[SourceVersionDate "2008.11.05"]
[SourceQuality "1"]

1. c4 Nf6 2. g3 g6 3. Bg2 Bg7 4. Nc3 0-0 5. Nf3 d6 6. 0-0 e5 7. d3 Nc6 8. Rb1 Bg4 9. h3 Bf5 10. b4 e4 11. Nh4 exd3 12. Nxf5 dxe2 13. Nxe2 gxf5 14. b5 Ne5 15. Bxb7 Rb8 16. Bg2 Nxc4 17. Nd4 Qd7 18. Qc2 d5 19. Nxf5 Rxb5 20. Rxb5 Qxb5 21. Nxg7 Kxg7 22. Qc3 Re8 23. g4 Qa5 24. Bh6+ Kg6 25. Qc1 Re5 26. f4 Re3 27. g5 Ne4 28. Bf3 Rxf3 0-1